Intonation and music : the semantics of Czech prosody /

Bibliographic Details
Main Author: Gardiner, Duncan B.
Format: Book
Language:English
Published: Bloomington, Ind. : Physsardt : 1980.
Series:Physsardt series in Prague linguistics ; 2.
Subjects:

MARC

Tag First Indicator Second Indicator Subfields
LEADER 00000cam a2200000 i 4500
001 in00001523721
005 20151021164501.0
008 000204s1980 inua b 001 0 eng
010 |a  79067358  
020 |a 091606204X (pbk.) 
035 |a (OCoLC)07024910 
040 |a DLC  |c DLC  |d UtOrBLW 
049 |a TXAM 
050 0 0 |a PG4139.5  |b .G37 
082 0 |a 491.8/618  |2 19 
100 1 |a Gardiner, Duncan B. 
245 1 0 |a Intonation and music :  |b the semantics of Czech prosody /  |c Duncan B. Gardiner. 
264 1 |a Bloomington, Ind. :  |b Physsardt :  |c 1980. 
264 2 |a Bloomington, Ind. :  |b Distributed by Bloomington Distribution Group, 
300 |a xvi, 131 pages :  |b illustrations ;  |c 23 cm. 
336 |a text  |b txt  |2 rdacontent 
337 |a unmediated  |b n  |2 rdamedia 
338 |a volume  |b nc  |2 rdacarrier 
490 1 |a Physsardt series in Prague linguistics ;  |v 2 
500 |a Based on the author's thesis, Indiana University, 1975. 
504 |a Bibliography: pages 120-125. 
500 |a Includes indexes. 
650 0 |a Czech language  |x Intonation. 
830 0 |a Physsardt series in Prague linguistics ;  |v 2. 
994 |a E0  |b TXA 
948 |a cataloged  |b h  |c 2000/2/4  |d c  |e tchubaryan  |f 2:11:31 pm 
999 |a MARS 
999 f f |s 1718caf8-a126-3013-ac3f-992cecb6516f  |i 3556b4c5-7432-30d9-a861-3d05d5286660  |t 0 
952 f f |p ric  |a Texas A&M University  |b Rellis Campus  |c Joint Library Facility  |d Remote Storage  |t 0  |e PG4139.5 .G37  |h Library of Congress classification  |i unmediated -- volume  |m A14825607010 
998 f f |a PG4139.5 .G37  |t 0  |l Remote Storage